[Event "Aut_chT_0910"]
[Site "Baden"]
[Date "2010.01.16"]
[Round "6"]
[Board "1"]
[White "Lipka, Juraj"]
[Black "Ragger, Markus"]
[Result "0-1"]
[WhiteElo "2409"]
[BlackElo "2568"]
[PlyCount "72"]
[EventDate "2009.11.06"]
[EventType "team"]
[EventRounds "11"]
[EventCountry "AUT"]
[WhiteTeam "ASVOE Pamhagen"]
[BlackTeam "SK Kl.Ztg.MPOE Maria Saal"]

1.Nf3 Nf6 2.c4 c6 3.d4 d5 4.e3 Bf5 5.Nc3 e6 6.Nh4 Be4 7.f3 Bg6 8.g3 Be7 9.a3 Bh5
10.Ng2 Bg6 11.Nf4 Nh5 12.Nxg6 hxg6 13.Bg2 dxc4 14.Qe2 Nd7 15.Qxc4 e5 16.O-O exd4
17.exd4 Nb6 18.Qd3 Qd7 19.Be3 Nf6 20.Rad1 Nfd5 21.Bf2 Qf5 22.Rfe1 O-O-O 23.Qf1
g5 24.Qd3 Qxd3 25.Rxd3 Rhe8 26.Ne4 f5 27.Nc5 Bf6 28.Kf1 Rxe1+ 29.Bxe1 Nc4 30.Bh3
Nde3+ 31.Ke2 Rh8 32.Bf1 Rxh2+ 33.Bf2 f4 34.b3 Nb2 35.Rd2 Nbd1 36.Ne4 fxg3

[Event "Aut_chT_0910"]
[Site "Baden"]
[Date "2010.01.16"]
[Round "6"]
[Board "2"]
[White "Pavasovic, Dusko"]
[Black "Kuthan, Andreas"]
[Result "1-0"]
[WhiteElo "2574"]
[BlackElo "2220"]
[PlyCount "47"]
[EventDate "2009.11.06"]
[EventType "team"]
[EventRounds "11"]
[EventCountry "AUT"]
[WhiteTeam "SK Kl.Ztg.MPOE Maria Saal"]
[BlackTeam "ASVOE Pamhagen"]

1.e4 e6 2.d4 d5 3.Nd2 c5 4.Ngf3 cxd4 5.exd5 Qxd5 6.Bc4 Qd6 7.O-O Nf6 8.Nb3 Nc6
9.Nbxd4 Nxd4 10.Nxd4 a6 11.Re1 Qc7 12.Bb3 Bd6 13.h3 O-O 14.Bg5 b5 15.a4 b4 16.c3
Bb7 17.Bxf6 gxf6 18.Bxe6 fxe6 19.Nxe6 Qe7 20.Qg4+ Kh8 21.Nxf8 Qxf8 22.Rad1 bxc3
23.Qd7 Bb4 24.bxc3

[Event "Aut_chT_0910"]
[Site "Baden"]
[Date "2010.01.16"]
[Round "6"]
[Board "3"]
[White "Maslik, Miroslav"]
[Black "Buhmann, Rainer"]
[Result "1-0"]
[WhiteElo "2377"]
[BlackElo "2591"]
[PlyCount "97"]
[EventDate "2009.11.06"]
[EventType "team"]
[EventRounds "11"]
[EventCountry "AUT"]
[WhiteTeam "ASVOE Pamhagen"]
[BlackTeam "SK Kl.Ztg.MPOE Maria Saal"]

1.d4 d5 2.c4 c6 3.Nf3 Nf6 4.e3 a6 5.Bd3 Bg4 6.Nbd2 Nbd7 7.Qc2 e6 8.b3 Bxf3
9.Nxf3 Bb4+ 10.Bd2 Bxd2+ 11.Qxd2 O-O 12.O-O Qc7 13.Qb2 Rfe8 14.Rad1 Rad8 15.Rfe1
h6 16.e4 dxe4 17.Bxe4 b5 18.Qc2 bxc4 19.Qxc4 Nxe4 20.Rxe4 Qa5 21.Re2 Qb5 22.Rc1
Nb6 23.Qxb5 cxb5 24.Rc6 Rb8 25.Rec2 Nd5 26.a3 a5 27.R2c5 Rb7 28.g3 a4 29.b4 f6
30.Nd2 Ree7 31.Ne4 Rbc7 32.Ra6 Rxc5 33.dxc5 Nc7 34.Ra7 Kf8 35.Nd6 Rd7 36.Rb7 Ke7
37.Kf1 e5 38.Ke2 e4 39.Nxe4 Ne6 40.Rxd7+ Kxd7 41.Kd3 Kc6 42.Nd6 g6 43.h4 h5
44.Ne4 f5 45.Ng5 Nc7 46.Kd4 f4 47.gxf4 Nd5 48.Ne6 Ne7 49.Ke5

[Event "Aut_chT_0910"]
[Site "Baden"]
[Date "2010.01.16"]
[Round "6"]
[Board "4"]
[White "Kreisl, Robert"]
[Black "Vitouch, Anatol"]
[Result "1/2-1/2"]
[WhiteElo "2389"]
[BlackElo "2288"]
[PlyCount "69"]
[EventDate "2009.11.06"]
[EventType "team"]
[EventRounds "11"]
[EventCountry "AUT"]
[WhiteTeam "SK Kl.Ztg.MPOE Maria Saal"]
[BlackTeam "ASVOE Pamhagen"]

1.e4 Nc6 2.Nf3 Nf6 3.e5 Nd5 4.d4 d6 5.c4 Nb6 6.exd6 exd6 7.Be2 Be7 8.Nc3 O-O
9.O-O Bg4 10.b3 Bf6 11.Be3 d5 12.c5 Nc8 13.h3 Be6 14.Qd2 N8e7 15.Bg5 Nf5 16.Bxf6
Qxf6 17.Rad1 b6 18.Bb5 Nce7 19.Qg5 Qxg5 20.Nxg5 c6 21.Bd3 h6 22.Nf3 Ng6 23.Rfe1
Rfe8 24.Ba6 Rab8 25.Bd3 Nf4 26.Bf1 Ne7 27.Ne2 Nxe2+ 28.Rxe2 Bf5 29.Rde1 Kf8
30.g3 Be4 31.Ne5 Rbd8 32.Bg2 Bxg2 33.Kxg2 f6 34.Nf3 Nf5 35.Re6

[Event "Aut_chT_0910"]
[Site "Baden"]
[Date "2010.01.16"]
[Round "6"]
[Board "5"]
[White "Lovrinovic, Christian"]
[Black "Schachinger, Mario"]
[Result "0-1"]
[WhiteElo "2247"]
[BlackElo "2350"]
[PlyCount "122"]
[EventDate "2009.11.06"]
[EventType "team"]
[EventRounds "11"]
[EventCountry "AUT"]
[WhiteTeam "ASVOE Pamhagen"]
[BlackTeam "SK Kl.Ztg.MPOE Maria Saal"]

1.d4 d5 2.c4 e6 3.Nc3 Be7 4.cxd5 exd5 5.Bf4 c6 6.e3 Bf5 7.Nf3 Nf6 8.Bd3 Bxd3
9.Qxd3 O-O 10.O-O Nbd7 11.h3 Re8 12.Rab1 Nf8 13.Bh2 Ng6 14.Ne5 Nxe5 15.Bxe5 Nd7
16.Bh2 Nb6 17.f3 c5 18.Nb5 c4 19.Qc3 Rf8 20.Qa5 Nc8 21.Qc7 a6 22.Nc3 Ra7 23.Qe5
Nb6 24.Qc7 Nc8 25.Qe5 Nb6 26.a4 Bb4 27.Qc7 Nc8 28.Qb8 b6 29.Rbd1 Qd7 30.Qe5 Bxc3
31.bxc3 Re8 32.Qg5 h6 33.Qf4 Qxa4 34.e4 Qc6 35.Rde1 Rae7 36.e5 Qg6 37.Qc1 f5
38.exf6 Qxf6 39.Be5 Qg6 40.f4 Rf7 41.Qa3 a5 42.Rf3 Nd6 43.Qa4 Qe6 44.Rb1 Nc8
45.f5 Qd7 46.Qc2 Ne7 47.f6 Nc6 48.Rxb6 Nxe5 49.dxe5 Qa7 50.Qf2 Rxe5 51.fxg7 Rxf3
52.gxf3 Qxg7+ 53.Kf1 Re8 54.Qc2 Kh8 55.Rg6 Qf8 56.Kg2 Qf4 57.Rg4 Qf6 58.Qg6 Qxg6
59.Rxg6 Rg8 60.Rg4 Ra8 61.Rg6 Rg8

[Event "Aut_chT_0910"]
[Site "Baden"]
[Date "2010.01.16"]
[Round "6"]
[Board "6"]
[White "Hartl, Daniel"]
[Black "Bozinovic, Boban"]
[Result "1-0"]
[WhiteElo "2253"]
[BlackElo "2086"]
[PlyCount "89"]
[EventDate "2009.11.06"]
[EventType "team"]
[EventRounds "11"]
[EventCountry "AUT"]
[WhiteTeam "SK Kl.Ztg.MPOE Maria Saal"]
[BlackTeam "ASVOE Pamhagen"]

1.e4 e5 2.Nf3 Nf6 3.Nc3 Nc6 4.Bb5 Bc5 5.O-O d6 6.Na4 Bb6 7.Nxb6 axb6 8.d4 exd4
9.Nxd4 Bd7 10.Bxc6 bxc6 11.Qf3 O-O 12.Bg5 Qe7 13.Rfe1 Qe5 14.Bxf6 Qxf6 15.Qxf6
gxf6 16.Re3 Ra5 17.a3 Re8 18.Rae1 Rae5 19.f3 c5 20.Ne2 d5 21.Nf4 Bc6 22.Nd3 R5e7
23.Nf2 f5 24.c3 Bb5 25.Rd1 dxe4 26.fxe4 fxe4 27.Rd5 f6 28.Ng4 Kf7 29.Rf5 Re6
30.Rf4 Bc6 31.Nh6+ Kf8 32.Rg4 Re5 33.Rg8+ Ke7 34.Rg7+ Ke6 35.Rxc7 Bd5 36.Rxh7
Rg5 37.c4 Ba8 38.g4 Re7 39.Rh8 Bb7 40.h3 Ke5 41.Nf5 Rd7 42.Kf2 Kf4 43.Ng3 Rd2+
44.Ne2+ Ke5 45.Re8+

[Event "Aut_chT_0910"]
[Site "Baden"]
[Date "2010.01.16"]
[Round "6"]
[Board "2"]
[White "Maiwald, Jens-Uwe"]
[Black "Polzin, Rainer"]
[Result "1/2-1/2"]
[WhiteElo "2474"]
[BlackElo "2473"]
[PlyCount "69"]
[EventDate "2009.11.06"]
[EventType "team"]
[EventRounds "11"]
[EventCountry "AUT"]
[WhiteTeam "Mayrhofen/Zillertal"]
[BlackTeam "ASVOE Wulkaprodersdorf"]

1.e4 c5 2.Nc3 d6 3.f4 g6 4.Nf3 Bg7 5.Bb5+ Bd7 6.Bxd7+ Qxd7 7.O-O Nc6 8.d3 Nf6
9.h3 O-O 10.Rb1 Ne8 11.Be3 Nc7 12.d4 cxd4 13.Nxd4 f5 14.exf5 Nxd4 15.Bxd4 Qxf5
16.Bxg7 Kxg7 17.Qd4+ Qf6 18.Qb4 b5 19.Ne4 Qe6 20.Rbe1 Qc4 21.Qxc4 bxc4 22.Nd2
Nd5 23.Nxc4 Rac8 24.b3 Rc7 25.Ne3 Nc3 26.f5 Rf7 27.a4 Rc5 28.fxg6 hxg6 29.Rxf7+
Kxf7 30.Kf2 e5 31.h4 Ke6 32.Kg3 d5 33.Kg4 d4 34.Nc4 e4 35.Nd2

[Event "Aut_chT_0910"]
[Site "Baden"]
[Date "2010.01.16"]
[Round "6"]
[Board "3"]
[White "Schneider, Ilja"]
[Black "Gross, David"]
[Result "1-0"]
[WhiteElo "2497"]
[BlackElo "2465"]
[PlyCount "61"]
[EventDate "2009.11.06"]
[EventType "team"]
[EventRounds "11"]
[EventCountry "AUT"]
[WhiteTeam "ASVOE Wulkaprodersdorf"]
[BlackTeam "Mayrhofen/Zillertal"]

1.e4 c5 2.c3 d5 3.exd5 Qxd5 4.Nf3 Nf6 5.d4 e6 6.Na3 Nc6 7.Be2 cxd4 8.Nb5 Qd8
9.Nbxd4 Nxd4 10.Qxd4 Qxd4 11.Nxd4 a6 12.O-O Be7 13.Bf4 Nd5 14.Bg3 Bd7 15.Bf3
O-O-O 16.Rfe1 Bc5 17.Be5 Bxd4 18.Bxd4 f6 19.Rad1 Nc7 20.Bc5 Bc6 21.Bxc6 bxc6
22.c4 e5 23.a4 Rxd1 24.Rxd1 Rd8 25.Rxd8+ Kxd8 26.Bb6 Kd7 27.Bxc7 Kxc7 28.b4 e4
29.f3 Kd6 30.fxe4 Ke5 31.a5

[Event "Aut_chT_0910"]
[Site "Baden"]
[Date "2010.01.16"]
[Round "6"]
[Board "2"]
[White "Balogh, Csaba"]
[Black "Markos, Jan"]
[Result "0-1"]
[WhiteElo "2619"]
[BlackElo "2549"]
[PlyCount "98"]
[EventDate "2009.11.06"]
[EventType "team"]
[EventRounds "11"]
[EventCountry "AUT"]
[WhiteTeam "SK Advisory Invest Baden"]
[BlackTeam "ASVOE SK Lackenbach"]

1.e4 c5 2.Nf3 Nc6 3.d4 cxd4 4.Nxd4 Nf6 5.Nc3 e5 6.Ndb5 d6 7.Bg5 a6 8.Na3 b5
9.Nd5 Be7 10.Bxf6 Bxf6 11.c4 b4 12.Nc2 O-O 13.Be2 a5 14.O-O Be6 15.Nxf6+ Qxf6
16.b3 Qg6 17.Qxd6 Rac8 18.Qd3 f5 19.Bf3 f4 20.Rfd1 Qg5 21.Qe2 Rcd8 22.Rxd8 Rxd8
23.Rd1 a4 24.Qe1 a3 25.Nxb4 Nxb4 26.Qxb4 Rxd1+ 27.Bxd1 f3 28.g3 Qc1 29.Qd6 Bg4
30.Qd5+ Kf8 31.Qd3 Qa1 32.Qd2 Qb2 33.Qxb2 axb2 34.Bc2 Bh3 35.Bb1 Ke7 36.b4 Kd6
37.a4 Kc6 38.c5 h5 39.g4 h4 40.a5 Bxg4 41.a6 Bc8 42.a7 Kb7 43.Kf1 Bd7 44.Ke1 g5
45.Kd2 g4 46.Ke3 Kxa7 47.Bd3 Bb5 48.Bc2 Bc4 49.Bb1 Ka6

[Event "Aut_chT_0910"]
[Site "Baden"]
[Date "2010.01.16"]
[Round "6"]
[Board "4"]
[White "Stohl, Igor"]
[Black "Vavrak, Peter"]
[Result "1/2-1/2"]
[WhiteElo "2531"]
[BlackElo "2470"]
[PlyCount "69"]
[EventDate "2009.11.06"]
[EventType "team"]
[EventRounds "11"]
[EventCountry "AUT"]
[WhiteTeam "SK Advisory Invest Baden"]
[BlackTeam "ASVOE SK Lackenbach"]

1.d4 d5 2.c4 c6 3.Nc3 e6 4.e3 Bd6 5.Bd3 f5 6.f4 Nf6 7.Nf3 b6 8.O-O O-O 9.Ne5 Bb7
10.Bd2 Nbd7 11.cxd5 Nxd5 12.Nxd5 cxd5 13.Qb3 Qe7 14.Nxd7 Qxd7 15.Bb4 Rfc8
16.Bxd6 Qxd6 17.Rfc1 g5 18.fxg5 Qe7 19.h4 h6 20.Qa3 Qxa3 21.bxa3 hxg5 22.hxg5
Kg7 23.g4 Rxc1+ 24.Rxc1 Rc8 25.Rxc8 Bxc8 26.gxf5 exf5 27.Bb5 Kg6 28.Kf2 Kxg5
29.Bc6 Be6 30.Kg3 Bf7 31.Bd7 Bg8 32.Kf3 Bf7 33.Kg3 Bg8 34.Bc8 Bf7 35.Bd7

[Event "Aut_chT_0910"]
[Site "Baden"]
[Date "2010.01.16"]
[Round "6"]
[Board "5"]
[White "Bokros, Albert"]
[Black "Baumegger, Siegfried"]
[Result "1-0"]
[WhiteElo "2479"]
[BlackElo "2442"]
[PlyCount "131"]
[EventDate "2009.11.06"]
[EventType "team"]
[EventRounds "11"]
[EventCountry "AUT"]
[WhiteTeam "ASVOE SK Lackenbach"]
[BlackTeam "SK Advisory Invest Baden"]

1.e4 e5 2.Nf3 Nc6 3.Bb5 a6 4.Ba4 Nf6 5.O-O Be7 6.Qe2 b5 7.Bb3 O-O 8.c3 d6 9.Rd1
Na5 10.Bc2 c5 11.d3 Nc6 12.Nbd2 Re8 13.Nf1 h6 14.Ng3 Bf8 15.h3 d5 16.Be3 d4
17.cxd4 cxd4 18.Bd2 Be6 19.Rdc1 Qd7 20.Qd1 Rec8 21.Bb3 a5 22.a4 b4 23.Bc4 Bxc4
24.Rxc4 Qe6 25.Ne1 Nd7 26.f4 exf4 27.Bxf4 Nce5 28.Rxc8 Rxc8 29.Nf5 Kh7 30.Kh1
Qb6 31.Rc1 Rc6 32.Rxc6 Nxc6 33.Qc1 Qc5 34.Qd2 Nb6 35.Qd1 g6 36.Ng3 Bd6 37.Bxd6
Qxd6 38.Ne2 Nd7 39.Nf3 Nde5 40.Nxe5 Nxe5 41.b3 Qc5 42.Kg1 Kg7 43.Qd2 Nc6 44.Kf1
Nd8 45.Nf4 Qg5 46.Qf2 Qe5 47.Kg1 Kg8 48.Kf1 Kg7 49.Kg1 Nc6 50.Nd5 f5 51.Qc2 Nd8
52.Qc8 Nf7 53.Qc2 h5 54.Kh1 fxe4 55.dxe4 Qg3 56.Qd2 d3 57.Ne3 Ne5 58.Qb2 Kh7
59.Qd4 h4 60.Nf1 Qf4 61.Kg1 Kh6 62.Qd5 Qf6 63.Qxa5 Qg5 64.Qxb4 Nf3+ 65.Kf2 Ne5
66.Qd2

[Event "Aut_chT_0910"]
[Site "Baden"]
[Date "2010.01.16"]
[Round "6"]
[Board "6"]
[White "Lendwai, Reinhard"]
[Black "Hagara, Eduard"]
[Result "0-1"]
[WhiteElo "2424"]
[BlackElo "2383"]
[PlyCount "72"]
[EventDate "2009.11.06"]
[EventType "team"]
[EventRounds "11"]
[EventCountry "AUT"]
[WhiteTeam "SK Advisory Invest Baden"]
[BlackTeam "ASVOE SK Lackenbach"]

1.d4 Nf6 2.c4 g6 3.Nc3 Bg7 4.e4 d6 5.Bd3 Nc6 6.Nge2 e5 7.d5 Nd4 8.Nxd4 exd4
9.Nb5 O-O 10.O-O Re8 11.Re1 a6 12.Nxd4 Nxd5 13.Nc2 Nb6 14.Rb1 Na4 15.Ne3 Bd7
16.Bc2 Nc5 17.f3 a5 18.Nd5 c6 19.Nf4 Be5 20.Ne2 Be6 21.b3 d5 22.cxd5 cxd5 23.f4
Bc7 24.e5 Bg4 25.h3 Bb6 26.Kh2 Qh4 27.Be3 d4 28.Qxd4 Nd7 29.Qd2 Rad8 30.Bxb6
Nxe5 31.Bxd8 Nf3+ 32.Kh1 Rxd8 33.Qxd8+ Qxd8 34.gxf3 Bxf3+ 35.Kh2 Qd2 36.Kg3 Bxe2

[Event "Aut_chT_0910"]
[Site "Baden"]
[Date "2010.01.16"]
[Round "6"]
[Board "1"]
[White "Luther, Thomas"]
[Black "Boros, Denez"]
[Result "1/2-1/2"]
[WhiteElo "2577"]
[BlackElo "2494"]
[PlyCount "95"]
[EventDate "2009.11.06"]
[EventType "team"]
[EventRounds "11"]
[EventCountry "AUT"]
[WhiteTeam "Styria Graz"]
[BlackTeam "Husek Wien"]

1.e4 c6 2.d4 d5 3.Nd2 dxe4 4.Nxe4 Bf5 5.Ng3 Bg6 6.h4 h6 7.Nf3 e6 8.Ne5 Bh7 9.Bd3
Bxd3 10.Qxd3 Nd7 11.f4 c5 12.Be3 Qa5+ 13.c3 Ngf6 14.Ne4 Rd8 15.Nc4 Qc7 16.O-O-O
b5 17.Ne5 c4 18.Qc2 Nd5 19.Bd2 Be7 20.g4 b4 21.cxb4 Bxb4 22.Bxb4 Nxb4 23.Qxc4
Nxa2+ 24.Kb1 Qxc4 25.Nd6+ Ke7 26.Ndxc4 Nb4 27.d5 exd5 28.Rhe1 Nxe5 29.Nxe5 Kf8
30.Rd4 a5 31.Rc1 g5 32.Rc7 Rh7 33.fxg5 hxg5 34.h5 Re8 35.Nd3 Nxd3 36.Rxd3 Re4
37.Rg3 Rh6 38.Rc5 Rd6 39.Rxa5 d4 40.Rxg5 d3 41.Rg1 Rb6 42.Ra5 Re2 43.Ra2 Rc6
44.Ra8+ Ke7 45.Ra7+ Ke6 46.Ra8 Ke7 47.Ra7+ Ke6 48.Ra8

[Event "Aut_chT_0910"]
[Site "Baden"]
[Date "2010.01.16"]
[Round "6"]
[Board "2"]
[White "Mihok, Oliver"]
[Black "Nanu, Ciprian Costica"]
[Result "1/2-1/2"]
[WhiteElo "2403"]
[BlackElo "2506"]
[PlyCount "63"]
[EventDate "2009.11.06"]
[EventType "team"]
[EventRounds "11"]
[EventCountry "AUT"]
[WhiteTeam "Husek Wien"]
[BlackTeam "Styria Graz"]

1.e4 c6 2.d4 d5 3.exd5 cxd5 4.c4 Nf6 5.Nc3 e6 6.Nf3 Bb4 7.cxd5 Nxd5 8.Bd2 Nc6
9.Bd3 Be7 10.a3 O-O 11.h4 h6 12.Bc2 Re8 13.Qe2 f5 14.O-O Bxh4 15.Nxh4 Nxd4
16.Qh5 Nxc2 17.Rad1 Bd7 18.Nxd5 exd5 19.Bxh6 Re4 20.Bg5 Qe8 21.Ng6 Re6 22.Rxd5
Qxg6 23.Qxg6 Rxg6 24.Rxd7 Rxg5 25.Rc1 Rc8 26.Rd2 Rxg2+ 27.Kxg2 Ne3+ 28.Kf3 Rxc1
29.Kxe3 Rc7 30.Kf4 g6 31.Kg5 Kf7 32.Rd6

[Event "Aut_chT_0910"]
[Site "Baden"]
[Date "2010.01.16"]
[Round "6"]
[Board "4"]
[White "Juhasz, Kristof"]
[Black "Ruck, Robert"]
[Result "0-1"]
[WhiteElo "2252"]
[BlackElo "2570"]
[PlyCount "54"]
[EventDate "2009.11.06"]
[EventType "team"]
[EventRounds "11"]
[EventCountry "AUT"]
[WhiteTeam "Husek Wien"]
[BlackTeam "Styria Graz"]

1.d4 Nf6 2.c4 e6 3.Nf3 d5 4.g3 dxc4 5.Bg2 a6 6.Ne5 c5 7.Be3 Nd5 8.dxc5 Nd7
9.Nxc4 Nxe3 10.Nxe3 Bxc5 11.Nc4 O-O 12.O-O Rb8 13.Qd2 b5 14.Nd6 Qe7 15.Nxc8
Rfxc8 16.Nc3 Nb6 17.e3 Bb4 18.Rac1 Na4 19.Rfd1 g6 20.f4 Qf8 21.Qd4 Nxb2 22.Ne4
Nxd1 23.Nf6+ Kh8 24.Rxd1 Bc3 25.Nd7+ Bxd4 26.Nxf8 Bxe3+ 27.Kf1 Rxf8

[Event "Aut_chT_0910"]
[Site "Baden"]
[Date "2010.01.16"]
[Round "6"]
[Board "5"]
[White "Wittmann, Walter"]
[Black "Binder, Michael"]
[Result "1/2-1/2"]
[WhiteElo "2294"]
[BlackElo "2208"]
[PlyCount "121"]
[EventDate "2009.11.06"]
[EventType "team"]
[EventRounds "11"]
[EventCountry "AUT"]
[WhiteTeam "Styria Graz"]
[BlackTeam "Husek Wien"]

1.e4 e5 2.Nf3 Nc6 3.Bb5 a6 4.Bxc6 dxc6 5.O-O f6 6.d4 Bg4 7.dxe5 Qxd1 8.Rxd1 fxe5
9.Nbd2 O-O-O 10.Re1 Bd6 11.h3 Bh5 12.Nh4 Ne7 13.Nc4 h6 14.Nf5 Nxf5 15.exf5 Rhe8
16.Bd2 b5 17.Nxd6+ cxd6 18.Bc3 Rg8 19.a4 g6 20.axb5 axb5 21.f4 gxf5 22.fxe5 Kb7
23.exd6 Rxd6 24.Re7+ Kb6 25.Be1 Rd1 26.Rxd1 Bxd1 27.b4 Bxc2 28.Bf2+ c5 29.Re6+
Kc7 30.bxc5 Be4 31.g3 b4 32.Rxh6 b3 33.Rb6 Rb8 34.Bd4 Rxb6 35.cxb6+ Kc6 36.Kf2
b2 37.Bxb2 Kxb6 38.Ke3 Kc6 39.Kf4 Kd6 40.h4 Ke6 41.h5 Kf7 42.g4 Kg8 43.g5 Kh7
44.Bc1 Bc2 45.Kg3 f4+ 46.Bxf4 Bd3 47.Bd6 Bc2 48.Bf8 Kg8 49.Bc5 Kh7 50.Bd4 Bd3
51.Kf3 Bc2 52.Ke2 Bf5 53.Kf3 Bc2 54.Kg3 Bd3 55.Bc5 Bc2 56.Be3 Bd3 57.Kf4 Be2
58.g6+ Kh6 59.Kf5+ Kxh5 60.g7 Bc4 61.Ke4

[Event "Aut_chT_0910"]
[Site "Baden"]
[Date "2010.01.16"]
[Round "6"]
[Board "6"]
[White "Haas, Bernhard"]
[Black "Wagner, Stephan"]
[Result "0-1"]
[WhiteElo "1995"]
[BlackElo "2245"]
[PlyCount "72"]
[EventDate "2009.11.06"]
[EventType "team"]
[EventRounds "11"]
[EventCountry "AUT"]
[WhiteTeam "Husek Wien"]
[BlackTeam "Styria Graz"]

1.e4 d5 2.exd5 Qxd5 3.Nf3 Nf6 4.Nc3 Qd6 5.d4 a6 6.Be3 b5 7.a3 e6 8.Qd2 Bb7 9.Be2
Nbd7 10.Rd1 Be7 11.O-O O-O 12.Rfe1 Nb6 13.Ne5 Nbd5 14.Nxd5 Nxd5 15.Bf3 Rad8
16.Bf4 Qb6 17.c4 bxc4 18.Nxc4 Qb5 19.Na5 Ba8 20.Be2 Qb6 21.Nc4 Qa7 22.Bg3 c5
23.dxc5 Bxc5 24.Qa5 Bd4 25.Bf3 Rc8 26.Rc1 Nb6 27.Bxa8 Nxc4 28.Qb4 Bxb2 29.Rxc4
Rxc4 30.Qxc4 Rxa8 31.Qb3 Bd4 32.Rc1 e5 33.Qd5 Re8 34.Bxe5 Bxf2+ 35.Kh1 Qe3
36.Rd1 h6

[Event "Aut_chT_0910"]
[Site "Baden"]
[Date "2010.01.16"]
[Round "6"]
[Board "2"]
[White "Atlas, Valery"]
[Black "Schlosser, Philipp"]
[Result "1/2-1/2"]
[WhiteElo "2423"]
[BlackElo "2557"]
[PlyCount "64"]
[EventDate "2009.11.06"]
[EventType "team"]
[EventRounds "11"]
[EventCountry "AUT"]
[WhiteTeam "SK Hohenems"]
[BlackTeam "Sparkasse Jenbach"]

1.e4 d6 2.d4 Nf6 3.Nc3 g6 4.g3 Bg7 5.Bg2 O-O 6.Nge2 Nbd7 7.O-O c5 8.h3 Rb8 9.a4
b6 10.Be3 Bb7 11.d5 a6 12.g4 b5 13.axb5 axb5 14.Nxb5 Bxd5 15.exd5 Rxb5 16.b3 Ra5
17.Rxa5 Qxa5 18.c4 Ra8 19.Bd2 Qb6 20.Nc3 Ne8 21.Re1 Bf8 22.Na4 Qb7 23.Qc2 Rb8
24.Rb1 Bg7 25.b4 cxb4 26.Rxb4 Qxb4 27.Bxb4 Rxb4 28.c5 dxc5 29.Nxc5 Nxc5 30.Qxc5
Rb1+ 31.Bf1 Nd6 32.Kg2 Rb2

[Event "Aut_chT_0910"]
[Site "Baden"]
[Date "2010.01.16"]
[Round "6"]
[Board "3"]
[White "Acs, Peter"]
[Black "Novkovic, Milan"]
[Result "1/2-1/2"]
[WhiteElo "2538"]
[BlackElo "2396"]
[PlyCount "119"]
[EventDate "2009.11.06"]
[EventType "team"]
[EventRounds "11"]
[EventCountry "AUT"]
[WhiteTeam "Sparkasse Jenbach"]
[BlackTeam "SK Hohenems"]

1.e4 c5 2.Nf3 Nc6 3.d4 cxd4 4.Nxd4 Qb6 5.Nb3 Nf6 6.Nc3 e6 7.Qe2 d6 8.Bd2 a6 9.g4
Qc7 10.f4 Nd7 11.Bg2 b6 12.g5 Bb7 13.O-O Be7 14.Rae1 O-O 15.f5 Rfe8 16.Qh5 Nde5
17.Qh3 Bf8 18.Rf4 g6 19.Rh4 h5 20.gxh6 Kh7 21.Rf4 Rad8 22.Ref1 Bc8 23.fxg6+ fxg6
24.Rf6 Kh8 25.R6f2 Be7 26.Ne2 Rf8 27.Nf4 Rf6 28.Bc3 Rg8 29.Nd3 Rgf8 30.Nd2 Rxf2
31.Rxf2 Rxf2 32.Kxf2 Kh7 33.Nf3 Bf6 34.Qg3 Qe7 35.Ndxe5 dxe5 36.h4 Qc5+ 37.Ke2
Kxh6 38.h5 g5 39.Nh2 Kxh5 40.Bf3+ Kg6 41.Qh3 Nd4+ 42.Bxd4 Qxc2+ 43.Kf1 exd4
44.Qh5+ Kg7 45.Ng4 Qc1+ 46.Kg2 Qd2+ 47.Kh3 Qf4 48.Kg2 Bd7 49.Qh6+ Kf7 50.Qh7+
Ke8 51.Qg8+ Ke7 52.Qh7+ Kd8 53.Qg8+ Kc7 54.Qa8 e5 55.Qa7+ Kc6 56.Qa8+ Kd6
57.Qf8+ Be7 58.Qb8+ Ke6 59.Qg8+ Kd6 60.Qb8+

[Event "Aut_chT_0910"]
[Site "Baden"]
[Date "2010.01.16"]
[Round "6"]
[Board "5"]
[White "Lehner, Oliver"]
[Black "Froewis, Georg"]
[Result "1-0"]
[WhiteElo "2407"]
[BlackElo "2281"]
[PlyCount "71"]
[EventDate "2009.11.06"]
[EventType "team"]
[EventRounds "11"]
[EventCountry "AUT"]
[WhiteTeam "Sparkasse Jenbach"]
[BlackTeam "SK Hohenems"]

1.c4 e6 2.Nc3 d5 3.d4 c6 4.e4 dxe4 5.Nxe4 Bb4+ 6.Nc3 Nf6 7.Nf3 c5 8.a3 Ba5 9.Qd3
Na6 10.Be3 Ng4 11.O-O-O Nxe3 12.Qxe3 Bxc3 13.Qxc3 Qf6 14.Qe3 Qe7 15.Bd3 cxd4
16.Qxd4 O-O 17.Rhe1 Nc5 18.Bc2 a5 19.Re5 Nd7 20.Bxh7+ Kxh7 21.Ng5+ Kg8 22.Qh4
Nf6 23.Rd3 g6 24.Ne4 Nd5 25.Rg5 Qc7 26.Kb1 Nf4 27.Nf6+ Kg7 28.Nh5+ Nxh5 29.Rxh5
e5 30.Rh7+ Kg8 31.Rh8+ Kg7 32.Rxf8 Kxf8 33.Rd8+ Qxd8 34.Qxd8+ Kg7 35.Kc1 b5
36.Qd5

[Event "Aut_chT_0910"]
[Site "Baden"]
[Date "2010.01.16"]
[Round "6"]
[Board "6"]
[White "Atlas, Dimitry"]
[Black "Reich, Thomas"]
[Result "0-1"]
[WhiteElo "2328"]
[BlackElo "2359"]
[PlyCount "72"]
[EventDate "2009.11.06"]
[EventType "team"]
[EventRounds "11"]
[EventCountry "AUT"]
[WhiteTeam "SK Hohenems"]
[BlackTeam "Sparkasse Jenbach"]

1.e4 c5 2.c3 g6 3.d4 cxd4 4.cxd4 d5 5.exd5 Nf6 6.Bb5+ Nbd7 7.d6 exd6 8.Nc3 a6
9.Bd3 Bg7 10.Qe2+ Qe7 11.Bf4 Qxe2+ 12.Ngxe2 Ke7 13.O-O Nb6 14.Rfe1 Be6 15.h3 Kd7
16.Bh2 Rhc8 17.g4 Nbd5 18.Rad1 h5 19.g5 Nxc3 20.Nxc3 Nd5 21.Rxe6 fxe6 22.Nxd5
exd5 23.Bxg6 Rc4 24.Bf5+ Kc6 25.b3 Rc3 26.h4 a5 27.Bg6 a4 28.f4 axb3 29.axb3 Ra2
30.Be8+ Kc7 31.Bxh5 Rh3 32.f5 Rhxh2 33.f6 Bh8 34.Rc1+ Kb6 35.Rc8 Rhb2 36.Rc1
Rg2+

[Event "Aut_chT_0910"]
[Site "Baden"]
[Date "2010.01.17"]
[Round "7"]
[Board "1"]
[White "Rozentalis, Eduardas"]
[Black "Meier, Georg"]
[Result "1/2-1/2"]
[WhiteElo "2623"]
[BlackElo "2663"]
[PlyCount "71"]
[EventDate "2009.11.06"]
[EventType "team"]
[EventRounds "11"]
[EventCountry "AUT"]
[WhiteTeam "SK Hohenems"]
[BlackTeam "Holz Dohr"]

1.e4 e6 2.d4 d5 3.exd5 exd5 4.Nf3 Nf6 5.Bg5 Be7 6.Bd3 O-O 7.O-O Bg4 8.Nbd2 Nbd7
9.Re1 Re8 10.c3 c6 11.Qc2 h6 12.Bh4 Nh5 13.Bxe7 Rxe7 14.h3 Bxf3 15.Nxf3 Nf8
16.g3 Nf6 17.Re5 Qc7 18.Rae1 Rxe5 19.Rxe5 Re8 20.Qe2 Rxe5 21.Nxe5 Qe7 22.Ng4 Ne6
23.Bf5 Nxg4 24.Bxg4 Kf8 25.Qe5 Qc7 26.Qxc7 Nxc7 27.Bc8 b6 28.Bb7 c5 29.dxc5 bxc5
30.f4 Ke7 31.Kf2 Kd6 32.Ke3 a5 33.Bc8 c4 34.Bf5 Kc5 35.Bd7 Kd6 36.Bf5

[Event "Aut_chT_0910"]
[Site "Baden"]
[Date "2010.01.17"]
[Round "7"]
[Board "2"]
[White "Kuzubov, Yuriy"]
[Black "Atlas, Valery"]
[Result "1-0"]
[WhiteElo "2634"]
[BlackElo "2423"]
[PlyCount "117"]
[EventDate "2009.11.06"]
[EventType "team"]
[EventRounds "11"]
[EventCountry "AUT"]
[WhiteTeam "Holz Dohr"]
[BlackTeam "SK Hohenems"]

1.d4 Nf6 2.c4 c5 3.d5 e5 4.Nc3 d6 5.e4 Be7 6.g3 Nbd7 7.Bg2 O-O 8.h4 a6 9.a4 b6
10.Qe2 Ne8 11.Bd2 Rb8 12.h5 Nc7 13.Nd1 b5 14.Nf3 Nf6 15.Ba5 Bd7 16.Nd2 Qc8
17.Ne3 Bd8 18.axb5 axb5 19.O-O Nfe8 20.f4 Bf6 21.Nf3 Bg4 22.h6 bxc4 23.hxg7 Bxg7
24.f5 Bxf3 25.Qxf3 Rb3 26.Bc3 Nb5 27.Nxc4 Nxc3 28.bxc3 Qd8 29.f6 Nxf6 30.Ra6 Ne8
31.Bh3 Qg5 32.Ra7 Bf6 33.Kg2 Be7 34.Rf2 Ng7 35.Rd7 Rb1 36.Qe3 Qxe3 37.Nxe3 Bg5
38.Nc4 Ne8 39.Nxd6 Nxd6 40.Rxd6 Rc1 41.Rc6 Rxc3 42.d6 Rc4 43.Bf5 Rd4 44.d7 c4
45.Rc8 Rd8 46.Ra2 Kg7 47.Raa8 R4xd7 48.Bxd7 Rxd7 49.Rg8+ Kh6 50.Ra1 Rd2+ 51.Kf3
Rh2 52.Kg4 Be7 53.Ra6+ f6 54.Re6 Re2 55.Rxe7 Rxe4+ 56.Kf3 Rd4 57.Re6 Rd3+ 58.Kg4
Rd4+ 59.Kf5

[Event "Aut_chT_0910"]
[Site "Baden"]
[Date "2010.01.17"]
[Round "7"]
[Board "3"]
[White "Novkovic, Milan"]
[Black "Baklan, Vladimir"]
[Result "0-1"]
[WhiteElo "2396"]
[BlackElo "2644"]
[PlyCount "56"]
[EventDate "2009.11.06"]
[EventType "team"]
[EventRounds "11"]
[EventCountry "AUT"]
[WhiteTeam "SK Hohenems"]
[BlackTeam "Holz Dohr"]

1.d4 Nf6 2.Nf3 g6 3.c4 Bg7 4.Nc3 O-O 5.e4 d6 6.Be2 Bg4 7.Be3 Nfd7 8.Ng1 Bxe2
9.Ngxe2 a6 10.O-O c5 11.a4 Nc6 12.b3 Qa5 13.Qd2 cxd4 14.Nxd4 Nc5 15.Rab1 Nxe4
16.Nxc6 Nxd2 17.Nxa5 Bxc3 18.Bxd2 Bxd2 19.b4 Rfc8 20.Rfd1 b6 21.Rxd2 bxa5 22.c5
axb4 23.cxd6 exd6 24.Rxd6 a5 25.h4 Rc3 26.Re1 Rb8 27.Kh2 b3 28.Rb1 Rb4